000 00752cab a2200241 4500
001 WB3204-34
008 090401t1996 xxu||||| |||| 00| 0 eng d
035 _a(Sirsi) u8558
041 _aeng
245 _aRICS to shake up PI
260 _c1996
350 _a0
490 _aEstates Times
_v(1308) 19 January 1996, 4(1)
520 _aThe RICS is seeking to improve professional indemnity cover for its members following the RICSIS court case. This article looks at the options.
650 _aPROFESSIONAL INDEMNITY INSURANCE
650 _aRICS INSURANCE SERVICES
650 _aRICS
650 _aRICSIS
690 _aINSURANCE
_96249
690 _aMANAGEMENT-BUSINESS MANAGEMENT-PROFESSIONAL PRACTICE
942 _n0
948 _c04/03/1997
999 _c5292
_d5292